Top 200 Artists on Spotify - Estadísticas

Estadísticas generales
  • Esta prueba ha sido intentada 42 veces
    34 desde el último reinicio
  • La puntuación promedio es 42 de 200
Estadísticas de respuestas
Respuesta % Correcto
Bad bunny
97%
Taylor Swift
97%
Justin Bieber
91%
Shakira
76%
ROSALÍA
74%
Karol G
71%
Bruno Mars
68%
Michael Jackson
68%
Rihanna
68%
Sabrina Carpenter
68%
The Beatles
65%
Beyoncé
62%
The Weeknd
62%
Adele
59%
BTS
56%
Drake
56%
Ed Sheeran
56%
Madonna
56%
Billie Eilish
53%
Coldplay
53%
Eminem
53%
Queen
53%
Harry Styles
50%
Lady Gaga
50%
AC/DC
47%
Daddy Yankee
47%
J Balvin
47%
Kendrick Lamar
47%
Kanye West
44%
Maluma
44%
Miley Cyrus
44%
One Direction
44%
Britney Spears
41%
Peso Pluma
41%
Pitbull
41%
Selena Gómez
41%
Enrique Iglesias
38%
Maroon 5
38%
Imagine Dragons
35%
Lana del Rey
35%
Nicki Minaj
35%
ABBA
32%
Anuel Aa
32%
Cardi B
32%
Elton John
32%
Feid
32%
Jhayco
32%
Mariah Carey
32%
Ozuna
32%
Rauw Alejandro
32%
SZA
32%
Zara Larsson
32%
David Guetta
29%
Don Omar
29%
Jay-Z
29%
Jennifer López
29%
Metallica
29%
Sia
29%
Doja Cat
26%
HUNTR/X
26%
Justin Timberlake
26%
Nirvana
26%
50 Cent
24%
Camila Cabello
24%
Charlie Puth
24%
Demi Lovato
24%
Myke Towers
24%
Shawn Mendes
24%
Green Day
21%
Oasis
21%
Post Malone
21%
sombr
21%
The Neighbourhood
21%
The Police
21%
Benson Boone
18%
Black Eyed Peas
18%
Calvin Harris
18%
Chappell Roan
18%
Charli XCX
18%
Linkin Park
18%
Olivia Dean
18%
Romeo Santos
18%
Avicii
15%
Djo
15%
DJ Snake
15%
Frank Ocean
15%
Gracie Abrams
15%
Grupo Frontera
15%
Halsey
15%
Jason Derulo
15%
JENNIE
15%
KATSEYE
15%
Kesha
15%
Manuel Turizo
15%
Marshmello
15%
PinkPantheress
15%
RAYE
15%
Red Hot Chili Peppers
15%
Sean Paul
15%
Snoop Dogg
15%
Tame Impala
15%
Tate McRae
15%
The Chainsmokers
15%
Twenty One Pilots
15%
Tyler the Creator
15%
21 Savage
12%
Bebe Rexha
12%
Billy Joel
12%
Bon Jovi
12%
Chris Brown
12%
DaBaby
12%
Empire of the Sun
12%
Gorillaz
12%
Guns N' Roses
12%
Lil Wayne
12%
Metro Boomin
12%
Ne-Yo
12%
Radiohead
12%
The Marías
12%
XXXTentacion
12%
Alicia Keys
9%
Anitta
9%
Anne-Marie
9%
Beéle
9%
Diplo
9%
Farruko
9%
Flo Rida
9%
Future
9%
Hozier
9%
Juice WRLD
9%
Kali Uchis
9%
Khalid
9%
Lil Uzi Vert
9%
Mac Miller
9%
Nelly Furtado
9%
OneRepublic
9%
Ovy On The Drums
9%
Pharrell Williams
9%
Ravyn Lenae
9%
Sean Kingston
9%
The Goo Goo Dolls
9%
The Killers
9%
Tyla
9%
Usher
9%
Akon
6%
Alex Warren
6%
Childish Gambino
6%
Clean Bandit
6%
Dominic Fike
6%
Don Toliver
6%
Fleetwood Mac
6%
Gunna
6%
James Arthur
6%
J.Cole
6%
Kat Perry
6%
Lil Baby
6%
Major Lazer
6%
Playboi Carti
6%
The Kid LAROI
6%
Tiësto
6%
Wiz Khalifa
6%
A$AP Rocky
3%
AUDREY NUNA
3%
Daniel Caesar
3%
Dave
3%
Disney
3%
EJAE
3%
Keyshia Cole
3%
Kodak Black
3%
Miguel
3%
Morgan Wallen
3%
P!nk
3%
REI AMI
3%
Ryan Castro
3%
Swae Lee
3%
Tems
3%
The Cranberries
3%
Ty Dolla $ign
3%
Amitabh Bhattacharya
0%
Arijit Singh
0%
A.R. Rahman
0%
Atif Aslam
0%
Creedence Clearwater Revival
0%
Elie Goulding
0%
Irshad Kamil
0%
Junior H
0%
KPop Demon Hunters Cast
0%
Macklemore
0%
Mark Ronson
0%
Mithoon
0%
Paramore
0%
Pritam
0%
Sachin-Jigar
0%
Shashwat Sachdev
0%
Shreya Ghoshal
0%
Tanishk Bagchi
0%
Teddy Swims
0%
The Script
0%
Udit Narayan
0%
Vishal-Shekhar
0%
No se encontraron pruebas coincidentes
Distribución de puntuación
Porcentaje de gente con cada puntuación
Porcentaje por número respondido
Historial de tus puntuaciones
No has intentado esta prueba desde el último reinicio